K modelování příjmových rozdělení lognormálními křivkami
Využitie lognormálneho rozdelenia na konkrétnych ekonomických dátach o čistom ročnom peňažnom príjme na hlavu (získaný z mikrocenzov) v ČR v r.1956-1988. Využitie poznatkov príjmového rozdelenia.
Salvato in:
| Autore principale: | |
|---|---|
| Natura: | Capitolo di libro |
| Lingua: | ceco |
| Soggetti: | |
| Tags: |
Nessun Tag, puoi essere il primo ad aggiungerne!!
|
MARC
| LEADER | 00000naa a2200000 4500 | ||
|---|---|---|---|
| 001 | r024228 | ||
| 005 | 20221205091037.1 | ||
| 041 | 0 | |a cze | |
| 044 | |a CZ | ||
| 245 | 1 | 0 | |a K modelování příjmových rozdělení lognormálními křivkami |c D. Bílková |
| 520 | |a Využitie lognormálneho rozdelenia na konkrétnych ekonomických dátach o čistom ročnom peňažnom príjme na hlavu (získaný z mikrocenzov) v ČR v r.1956-1988. Využitie poznatkov príjmového rozdelenia. | ||
| 610 | 2 | 0 | |a modely štatistické |
| 610 | 2 | 0 | |a príjmy obyvateľstva |
| 610 | 2 | 0 | |a Česko |
| 610 | 2 | 0 | |a 1956-1988 |
| 610 | 2 | 0 | |a metódy matematicko-štatistické |
| 100 | 1 | |a Bílková, Diana | |